Téli fényképezés /
Uložené v:
| Hlavný autor: | |
|---|---|
| Médium: | Kniha |
| Jazyk: | Hungarian |
| Vydané: |
Budapest :
Könyvkiadó,
1956.
|
| Vydanie: | 1. kiad. |
| ISBN: |
(brož.) |
| Fyzický popis: |
104 s. |
| Tagy: |
Pridať tag
Žiadne tagy, Buďte prvý kto otaguje tento záznam!
|
Titul je dostupný aj v ... 

MARC
| LEADER | 00000nam a22000001a 4500 | ||
|---|---|---|---|
| 001 | 000437814 | ||
| 005 | 20131001170646.0 | ||
| 008 | 051205s1956 hu e hun d | ||
| 020 | |a (brož.) |c Kčs 4,00 | ||
| 040 | |a SVKKK |b slo |c SVKKK |e AACR2 | ||
| 041 | 0 | |a hun | |
| 044 | |a hu |c HU | ||
| 100 | 1 | |a Rezsö, Kunfalvi |4 aut | |
| 245 | 1 | 0 | |a Téli fényképezés / |c Kunfalvi Rezsö. |
| 250 | |a 1. kiad. | ||
| 260 | |a Budapest : |b Könyvkiadó, |c 1956. | ||
| 300 | |a 104 s. | ||
| 910 | |a svkkk | ||
| 998 | |a BK | ||
| 090 | |g SCKHL |k Sklad Pribinova prízemie |a I.11110 |j 150967 |i 2720393162 |s Prezenčne | ||